| 000 | 00627cam a2200181 4500 | ||
|---|---|---|---|
| 001 | D3776 | ||
| 008 | 090401t1978 xxu||||| |||| 00| 0 eng d | ||
| 035 | _a(Sirsi) u74876 | ||
| 041 | _aeng | ||
| 050 | _a526.9907 | ||
| 110 | _aFederation International Des Geometres | ||
| 245 | _aStandards of competence for hydrographic surveyors: guide votes and syllabi for educational and training programmes, approved by International Advisory Board sponsored jointly by FIG and the International Hydrographic Organisation | ||
| 260 |
_aMonaco _bIHO _c1978 |
||
| 300 | _a29p. 30cm | ||
| 350 | _a0 | ||
| 942 | _n0 | ||
| 948 | _c04/03/1997 | ||
| 999 |
_c95936 _d95936 |
||